Statistics for Countries that Beat Nigeria

Click here to take the quiz!

General Stats

  • This quiz has been taken 793 times
  • The average score is 12 of 16

Answer Stats

RankCategoryCountries% Correct
3Most populous country ending in “IA”India | Indonesia
96%
5Most MuslimsIndonesia | Pakistan | India | Bangladesh
94%
6Highest GDP as a percentage of its continentAustralia | United States | Brazil | China | Egypt
93%
6Produces the most cocoaIvory Coast | Ghana | Indonesia | Brazil | Cameroon
89%
5Most murdersBrazil | India | Mexico | South Africa
84%
4Most sheepChina | Australia | India
84%
2Produces the most moviesIndia
81%
7Most fishermenIndia | China | Myanmar | Indonesia | Philippines | Bangladesh
81%
4Geographically closest to São Tomé and PrincipeEquatorial Guinea | Gabon | Cameroon
76%
10Received the most foreign aid from the U.S.Afghanistan | Iraq | Israel | Jordan | Egypt | Ethiopia | Kenya | South Sudan | Syria
75%
9Pollutes the most plasticChina | Indonesia | Philippines | Vietnam | Sri Lanka | Thailand | Egypt | Malaysia
72%
5Had the most Ebola deathsLiberia | Sierra Leone | Guinea | DR Congo
70%
5Consumes the most alcohol per-capitaMoldova | Lithuania | Czech Republic | Germany
70%
3Most languages spokenPapua New Guinea | Indonesia
69%
2Lowest % of its population living in the capital cityUnited States
57%
2Whose capital city is the first alphabeticallyUnited Arab Emirates
24%

Score Distribution

Percentile by Number Answered

Percent of People with Each Score

Your Score History

You have not taken this quiz